000
00301nam a22001337a 4500
008
181107b xxu||||| |||| 00| 0 eng d
020
_a
0879833289
041
_a
eng
080
_a
612.39
100
_a
10
101
_a
NUT
245
_a
The Nutrition Desk Reference
_c
Garrison,R.H
942
_2
udc
_c
BK
999
_c
52127
_d
52127